[Event "World Cup U18 Prel"]
[Site "Tornelo INT"]
[Date "2021.08.20"]
[Round "9"]
[White "Emran, Muhammad Emir Rasyi"]
[Black "Brozel, Sacha"]
[Result "1/2-1/2"]
[WhiteElo "1678"]
[BlackElo "2125"]
[PlyCount "125"]
[EventDate "2021.08.16"]
[EventType "swiss (rapid)"]
[EventRounds "10"]
[EventCountry "NET"]
[SourceTitle "CBM 203 Extra"]
[Source "ChessBase"]
[SourceDate "2021.09.30"]
[SourceVersion "1"]
[SourceVersionDate "2021.09.30"]
[SourceQuality "1"]

1. e4 e6 2. d4 d5 3. exd5 exd5 4. Nf3 Bd6 5. c4 Nf6 6. Nc3 0-0 7. cxd5 Nbd7 8. Be2 h6 9. 0-0 Nb6 10. Qb3 Nbxd5 11. Ne5 Nxc3 12. bxc3 c5 13. Bc4 Qc7 14. Bf4 Ne4 15. Rfe1 Bf5 16. f3 Ng5 17. Bxg5 hxg5 18. g4 Bh7 19. Kg2 Rad8 20. Re2 Bxe5 21. dxe5 Bd3 22. Re3 Bxc4 23. Qxc4 Rd2+ 24. Re2 Rxe2+ 25. Qxe2 Re8 26. Re1 b6 27. Qe4 g6 28. h4 gxh4 29. f4 Kg7 30. Rh1 g5 31. fxg5 Qxe5 32. Qxe5+ Rxe5 33. Rxh4 Re2+ 34. Kf3 Rxa2 35. Kf4 Rf2+ 36. Ke3 Rg2 37. Kd3 Kg6 38. Rh6+ Kxg5 39. Rc6 Kxg4 40. Rc7 f5 41. Rxa7 Rb2 42. Rg7+ Kf3 43. Rf7 f4 44. Rf6 Rb3 45. Kc2 Ra3 46. Rxb6 Ke2 47. Re6+ Kf2 48. Kb2 Ra8 49. Kc2 Rd8 50. Re5 f3 51. Rxc5 Kf1 52. Rf5 f2 53. c4 Rd4 54. Kc3 Rd1 55. c5 Ra1 56. Kc4 Ke2 57. Rxf2+ Kxf2 58. c6 Ke3 59. Kd5 Rd1+ 60. Ke6 Kd4 61. c7 Rc1 62. Kd7 Rxc7+ 63. Kxc7 1/2-1/2

[Event "World Cup U18 Prel"]
[Site "Tornelo INT"]
[Date "2021.08.18"]
[Round "5"]
[White "Mordido, Justine Diego"]
[Black "Brozel, Sacha"]
[Result "1-0"]
[WhiteElo "1715"]
[BlackElo "2125"]
[PlyCount "99"]
[EventDate "2021.08.16"]
[EventType "swiss (rapid)"]
[EventRounds "10"]
[EventCountry "NET"]
[SourceTitle "CBM 203 Extra"]
[Source "ChessBase"]
[SourceDate "2021.09.30"]
[SourceVersion "1"]
[SourceVersionDate "2021.09.30"]
[SourceQuality "1"]

1. c4 c5 2. Nc3 g6 3. g3 Bg7 4. Bg2 Nc6 5. Nf3 d6 6. 0-0 e5 7. d3 Nge7 8. Rb1 0-0 9. Ne1 Be6 10. Nc2 a5 11. Ne3 Rb8 12. Ned5 Bd7 13. a3 Nxd5 14. Bxd5 Kh8 15. Bd2 f5 16. Bg2 f4 17. Nd5 Nd4 18. Bc3 Nf5 19. b4 axb4 20. axb4 b5 21. bxc5 bxc4 22. Rxb8 Qxb8 23. dxc4 fxg3 24. hxg3 dxc5 25. Ba5 Qe8 26. Bb6 Qc8 27. Qd2 Be6 28. Qa5 Nd4 29. e3 Ne2+ 30. Kh2 Rf5 31. g4 Rg5 32. f3 e4 33. Qxc5 Qxc5 34. Bxc5 Bxd5 35. cxd5 Rxd5 36. Bb6 exf3 37. Bxf3 Be5+ 38. Kh3 Rd2 39. Bxe2 Rxe2 40. g5 Kg7 41. Rf3 Rh2+ 42. Kg4 Rg2+ 43. Kh3 Rb2 44. Bd4 Bxd4 45. exd4 Rd2 46. Rf4 h5 47. Kg3 Rd3+ 48. Kf2 Rd1 49. Kg2 Rd2+ 50. Kf3 1-0

[Event "BCF-chT2b 1920 (4NCL)"]
[Site "Daventry"]
[Date "2020.01.11"]
[Round "3.63"]
[White "Brozel, Sacha"]
[Black "MacQueen, Calum"]
[Result "1-0"]
[WhiteElo "2150"]
[BlackElo "2211"]
[PlyCount "83"]
[EventDate "2020.01.11"]
[EventType "team-tourn"]
[EventRounds "11"]
[EventCountry "ENG"]
[SourceTitle "CBM 194 Extra"]
[Source "ChessBase"]
[SourceDate "2020.03.31"]
[SourceVersion "1"]
[SourceVersionDate "2020.03.31"]
[SourceQuality "1"]
[WhiteTeam "Barnet Knights"]
[BlackTeam "Alba"]
[WhiteTeamCountry "ENG"]
[BlackTeamCountry "ENG"]

1. c4 Nf6 2. g3 g6 3. Bg2 Bg7 4. Nc3 0-0 5. e4 d6 6. Nge2 e5 7. 0-0 Nc6 8. d3 a6 9. h3 b5 10. cxb5 axb5 11. Nxb5 Ba6 12. Nec3 Qb8 13. a4 Nb4 14. b3 c6 15. Ba3 cxb5 16. Bxb4 bxa4 17. Rxa4 Qb6 18. Qd2 Rfc8 19. Rfa1 Bb7 20. Rxa8 Bxa8 21. Na4 Qb5 22. Bxd6 Qxb3 23. Qb2 Qxb2 24. Nxb2 Ne8 25. Bb4 Bc6 26. Nc4 Bb5 27. Bf1 f6 28. Ra7 Rc7 29. Ra5 Bd7 30. Ra8 Kf7 31. Ba5 Rc8 32. Ra7 Ke6 33. d4 exd4 34. Nb6 Rc7 35. Ra6 Rc1 36. Kg2 Nc7 37. Ra7 Bh6 38. Bc4+ Kd6 39. Nxd7 Rxc4 40. Nxf6 Ne6 41. Ra6+ Ke7 42. Ng8+ 1-0

[Event "Hastings Masters op 95th"]
[Site "Hastings"]
[Date "2020.01.01"]
[Round "5"]
[White "Byrn, Carsten"]
[Black "Brozel, Sacha"]
[Result "0-1"]
[WhiteElo "1919"]
[BlackElo "2188"]
[PlyCount "62"]
[EventDate "2019.12.28"]
[EventType "swiss"]
[EventRounds "9"]
[EventCountry "ENG"]
[SourceTitle "CBM 194 Extra"]
[Source "ChessBase"]
[SourceDate "2020.03.31"]
[SourceVersion "1"]
[SourceVersionDate "2020.03.31"]
[SourceQuality "1"]

1. d4 Nf6 2. c4 e6 3. Nf3 Bb4+ 4. Bd2 Qe7 5. g3 Nc6 6. Bg2 Bxd2+ 7. Nbxd2 0-0 8. 0-0 d6 9. a3 a5 10. b3 e5 11. d5 Nb8 12. Qc2 Na6 13. e3 Bg4 14. Rab1 Rfc8 15. b4 axb4 16. axb4 c6 17. dxc6 bxc6 18. h3 Bh5 19. Rfc1 Bg6 20. e4 c5 21. bxc5 Nxc5 22. Nh4 Ne6 23. Nxg6 hxg6 24. Nb3 Nd7 25. h4 Ndc5 26. Bh3 Nxb3 27. Qxb3 Nd4 28. Qb7 Qxb7 29. Rxb7 Ne2+ 30. Kf1 Nxc1 31. Bxc8 Rxc8 0-1

[Event "Hastings Masters op 95th"]
[Site "Hastings"]
[Date "2019.12.30"]
[Round "3"]
[White "Brozel, Sacha"]
[Black "Flear, Glenn C"]
[Result "0-1"]
[WhiteElo "2188"]
[BlackElo "2440"]
[PlyCount "38"]
[EventDate "2019.12.28"]
[EventType "swiss"]
[EventRounds "9"]
[EventCountry "ENG"]
[SourceTitle "CBM 194 Extra"]
[Source "ChessBase"]
[SourceDate "2020.03.31"]
[SourceVersion "1"]
[SourceVersionDate "2020.03.31"]
[SourceQuality "1"]

1. c4 e6 2. Nf3 d5 3. d4 c6 4. e3 Nf6 5. Bd3 dxc4 6. Bxc4 c5 7. 0-0 a6 8. Bb3 Nc6 9. Nc3 b5 10. d5 exd5 11. Nxd5 c4 12. Nxf6+ Qxf6 13. Bc2 Bg4 14. Be4 Rd8 15. Qc2 Nb4 16. Qb1 Bc5 17. Nd4 0-0 18. Bxh7+ Kh8 19. Bf5 Rxd4 0-1

[Event "London Classic rapid op 11th"]
[Site "London"]
[Date "2019.12.07"]
[Round "6"]
[White "Brozel, Sacha"]
[Black "Arkell, Keith C"]
[Result "0-1"]
[WhiteElo "2064"]
[BlackElo "2400"]
[PlyCount "100"]
[EventDate "2019.12.07"]
[EventType "swiss (rapid)"]
[EventRounds "7"]
[EventCountry "ENG"]
[SourceTitle "CBM 195 Extra"]
[Source "ChessBase"]
[SourceDate "2020.05.31"]
[SourceVersion "1"]
[SourceVersionDate "2020.05.31"]
[SourceQuality "1"]

1. Nf3 Nf6 2. g3 b5 3. Na3 a6 4. c4 e6 5. b3 Bb7 6. Bg2 bxc4 7. Nxc4 a5 8. 0-0 d6 9. d4 Nc6 10. Bb2 Be7 11. e4 d5 12. exd5 Nxd5 13. a3 0-0 14. Rc1 Rb8 15. Nfe5 Nxe5 16. Nxe5 Qd6 17. Re1 Rfc8 18. Qd3 Ba8 19. Rc5 Qb6 20. Nc4 Qxb3 21. Qxb3 Rxb3 22. Rxa5 Bf6 23. Ba1 Rcb8 24. Nd2 R3b6 25. Ra7 h5 26. h4 Bd8 27. Rc1 Bb7 28. Nc4 Rc6 29. Bb2 Ba6 30. Na5 Rxc1+ 31. Bxc1 Rb1 32. Rxa6 Rxc1+ 33. Kh2 Bf6 34. Nc6 Nc3 35. Ne5 Bxe5 36. dxe5 Nd1 37. Rc6 Ra1 38. Rxc7 Nxf2 39. Bf3 g6 40. Rc3 Ra2 41. Kg1 Rd2 42. a4 Nd3 43. Ra3 Nxe5 44. Bg2 Nc4 45. Ra1 Na5 46. Bf1 Rb2 47. Rc1 Ra2 48. Bb5 Nb3 49. Rc3 Nd4 50. Bd7 Ne2+ 0-1

[Event "London Classic rapid op 11th"]
[Site "London"]
[Date "2019.12.07"]
[Round "5"]
[White "O'Gorman, Tom"]
[Black "Brozel, Sacha"]
[Result "0-1"]
[WhiteElo "2001"]
[BlackElo "2064"]
[PlyCount "88"]
[EventDate "2019.12.07"]
[EventType "swiss (rapid)"]
[EventRounds "7"]
[EventCountry "ENG"]
[SourceTitle "CBM 195 Extra"]
[Source "ChessBase"]
[SourceDate "2020.05.31"]
[SourceVersion "1"]
[SourceVersionDate "2020.05.31"]
[SourceQuality "1"]

1. d4 e6 2. e4 d5 3. Nd2 Be7 4. Ngf3 Nf6 5. e5 Nfd7 6. Bd3 c5 7. c3 Nc6 8. 0-0 a5 9. Re1 cxd4 10. cxd4 Qb6 11. Nb1 Nxd4 12. Nxd4 Qxd4 13. Nc3 Bc5 14. Be3 Qh4 15. Nb5 0-0 16. Rc1 b6 17. g3 Qe7 18. Qh5 g6 19. Qh6 Bxe3 20. Qxe3 Nc5 21. Nd6 Ba6 22. Bb1 f6 23. f4 fxe5 24. fxe5 Rad8 25. b3 Rd7 26. Rcd1 Qd8 27. Qh6 Nb7 28. Bxg6 Nxd6 29. exd6 Rf6 30. Rxe6 hxg6 31. Rde1 Rxe6 32. Rxe6 Bd3 33. Qf4 Bf5 34. Re5 Rxd6 35. h4 Re6 36. h5 Qd6 37. Rxf5 gxf5 38. Qg5+ Kh8 39. Kg2 Qe5 40. Kh3 f4 41. gxf4 Qxg5 42. fxg5 Re4 43. Kg3 Kg7 44. Kf3 Rh4 0-1

[Event "London Classic op 11th"]
[Site "London"]
[Date "2019.12.04"]
[Round "7"]
[White "Yoon, Jacob D"]
[Black "Brozel, Sacha"]
[Result "1-0"]
[WhiteElo "2037"]
[BlackElo "2188"]
[PlyCount "88"]
[EventDate "2019.11.29"]
[EventType "swiss"]
[EventRounds "9"]
[EventCountry "ENG"]
[SourceTitle "CBM 193 Extra"]
[Source "ChessBase"]
[SourceDate "2020.01.31"]
[SourceVersion "1"]
[SourceVersionDate "2020.01.31"]
[SourceQuality "1"]

1. b3 a5 2. Bb2 a4 3. a3 axb3 4. cxb3 Nf6 5. Nf3 d5 6. d4 Bf5 7. e3 e6 8. Nc3 Nbd7 9. Ne5 Nxe5 10. dxe5 Nd7 11. Ne2 c5 12. Ng3 Bg6 13. f4 Qa5+ 14. Kf2 Rd8 15. h4 h6 16. h5 Bh7 17. Bd3 Bxd3 18. Qxd3 c4 19. Qc2 cxb3 20. Qxb3 Qd2+ 21. Kf3 Bc5 22. Rhd1 Qa5 23. Ne2 0-0 24. Nd4 Nb6 25. Bc3 Qa6 26. Bb4 Rc8 27. Bxc5 Rxc5 28. Qb4 Rfc8 29. g4 Rc4 30. Qe7 Rc3 31. g5 R3c7 32. Qb4 hxg5 33. Rg1 Qd3 34. Qxb6 Qe4+ 35. Kg4 gxf4 36. exf4 f5+ 37. Kg5 Rc4 38. Qxe6+ Kh8 39. Rad1 Rf8 40. Qb6 Rc3 41. h6 Rg8 42. hxg7+ Rxg7+ 43. Kf6 Rcc7 44. Qe6 Qxd4 1-0

[Event "London Classic op 11th"]
[Site "London"]
[Date "2019.12.01"]
[Round "4"]
[White "Brozel, Sacha"]
[Black "Hughes, Anthony"]
[Result "1/2-1/2"]
[WhiteElo "2188"]
[BlackElo "1874"]
[PlyCount "74"]
[EventDate "2019.11.29"]
[EventType "swiss"]
[EventRounds "9"]
[EventCountry "ENG"]
[SourceTitle "CBM 193 Extra"]
[Source "ChessBase"]
[SourceDate "2020.01.31"]
[SourceVersion "1"]
[SourceVersionDate "2020.01.31"]
[SourceQuality "1"]

1. Nf3 f5 2. g3 Nf6 3. Bg2 d6 4. d4 e6 5. 0-0 Be7 6. c4 0-0 7. b3 a5 8. Nc3 Qe8 9. Qc2 Nc6 10. a3 e5 11. d5 Nd8 12. e4 Nxe4 13. Nxe4 fxe4 14. Nd2 e3 15. fxe3 Rxf1+ 16. Bxf1 Qh5 17. Ne4 Nf7 18. Be2 Bg4 19. Bxg4 Qxg4 20. Bd2 b6 21. Rf1 Rf8 22. Kg2 Ng5 23. Rxf8+ Kxf8 24. Nxg5 Bxg5 25. Bc1 g6 26. h3 Qf5 27. e4 Qf6 28. h4 Bxc1 29. Qxc1 Kg7 30. b4 axb4 31. axb4 h6 32. Qa3 g5 33. h5 g4 34. c5 bxc5 35. bxc5 dxc5 36. Qxc5 Qf3+ 37. Kh2 Qe2+ 1/2-1/2

[Event "Glorney Cup"]
[Site "Dublin"]
[Date "2019.07.22"]
[Round "2"]
[White "Sanger, Jake M"]
[Black "Brozel, Sacha"]
[Result "1-0"]
[WhiteElo "1867"]
[BlackElo "2199"]
[PlyCount "103"]
[EventDate "2019.07.22"]
[EventType "team-tourn"]
[EventRounds "5"]
[EventCountry "IRL"]
[SourceTitle "CBM 191 Extra"]
[Source "ChessBase"]
[SourceDate "2019.09.30"]
[SourceVersion "1"]
[SourceVersionDate "2019.09.30"]
[SourceQuality "1"]
[WhiteTeam "Scotland"]
[BlackTeam "England"]
[WhiteTeamCountry "SCO"]
[BlackTeamCountry "ENG"]

1. d4 Nf6 2. Nf3 e6 3. Bf4 b6 4. e3 Bb7 5. Nbd2 c5 6. c3 Be7 7. Bd3 Nh5 8. Bg3 cxd4 9. exd4 d6 10. Qe2 Nd7 11. Ne4 Nxg3 12. hxg3 a6 13. g4 Nf6 14. Nfg5 Nxe4 15. Nxe4 g6 16. 0-0-0 b5 17. f4 Bxe4 18. Bxe4 d5 19. Bc2 b4 20. cxb4 Qd6 21. f5 Bg5+ 22. Kb1 0-0 23. Rh3 Rab8 24. a3 Kg7 25. Qe5+ Qxe5 26. dxe5 Rfc8 27. Bd3 Rc6 28. Rf1 Rbc8 29. Rhf3 R8c7 30. b5 axb5 31. Bxb5 Rc1+ 32. Rxc1 Rxc1+ 33. Ka2 d4 34. fxe6 fxe6 35. Bd7 Re1 36. Bxe6 Rxe5 37. Bc4 Re4 38. a4 d3 39. Bb3 d2 40. Rf7+ Kh6 41. Rd7 Be3 42. Bd1 Rc4 43. Rd3 Bg5 44. Kb3 Rc1 45. Bf3 Kg7 46. Kb4 Rc2 47. b3 Kf6 48. a5 Ke6 49. a6 Ra2 50. Kb5 Bh4 51. b4 Ke7 52. Bd5 1-0

[Event "London Classic op 10th"]
[Site "London"]
[Date "2018.12.13"]
[Round "5"]
[White "Brozel, Sacha"]
[Black "Balaji, Aaravamudhan"]
[Result "1/2-1/2"]
[WhiteElo "2182"]
[BlackElo "1914"]
[PlyCount "66"]
[EventDate "2018.12.09"]
[EventType "swiss"]
[EventRounds "9"]
[EventCountry "ENG"]
[SourceTitle "CBM 187 Extra"]
[Source "ChessBase"]
[SourceDate "2018.11.04"]
[SourceVersion "1"]
[SourceVersionDate "2018.11.04"]
[SourceQuality "1"]

1. g3 Nf6 2. Bg2 g6 3. c4 Bg7 4. Nc3 0-0 5. e4 d6 6. Nge2 c5 7. 0-0 Nc6 8. d3 a6 9. h3 Rb8 10. a4 Ne8 11. Be3 Nc7 12. d4 cxd4 13. Nxd4 Ne6 14. Nde2 Nc5 15. Rb1 f5 16. Kh2 Nxe4 17. Nxe4 fxe4 18. Bxe4 Bf5 19. Bxf5 Rxf5 20. g4 Rf7 21. f4 Qd7 22. Qd5 e6 23. Qd2 d5 24. Rfd1 Qe7 25. b3 Rd8 26. Bb6 Rd7 27. Qe3 dxc4 28. Bc5 Qd8 29. Rxd7 Qxd7 30. bxc4 e5 31. Kg2 Nd4 32. Nxd4 exd4 33. Qe4 Qxa4 1/2-1/2

[Event "London Classic op 10th"]
[Site "London"]
[Date "2018.12.12"]
[Round "4"]
[White "Ghasi, Ameet K"]
[Black "Brozel, Sacha"]
[Result "1-0"]
[WhiteElo "2498"]
[BlackElo "2182"]
[PlyCount "65"]
[EventDate "2018.12.09"]
[EventType "swiss"]
[EventRounds "9"]
[EventCountry "ENG"]
[SourceTitle "CBM 187 Extra"]
[Source "ChessBase"]
[SourceDate "2018.11.04"]
[SourceVersion "1"]
[SourceVersionDate "2018.11.04"]
[SourceQuality "1"]

1. Nf3 c5 2. g3 Nc6 3. Bg2 g6 4. 0-0 Bg7 5. c4 e5 6. Nc3 d6 7. a3 a5 8. d3 Nge7 9. Bd2 0-0 10. Rb1 Rb8 11. Ne1 Be6 12. Nd5 b5 13. b3 Bd7 14. Nc3 b4 15. axb4 axb4 16. Nb5 Be6 17. Ra1 Qd7 18. Nc2 f5 19. Bg5 d5 20. Bxe7 Nxe7 21. Ra7 Qd8 22. Nc7 Bf7 23. Nxd5 Bxd5 24. cxd5 Nxd5 25. Bxd5+ Qxd5 26. Ne3 Qe6 27. Qc2 f4 28. Nc4 f3 29. exf3 Rxf3 30. Nd2 Rf7 31. Rxf7 Qxf7 32. Qxc5 Rd8 33. Qb5 1-0

[Event "London Classic op 10th"]
[Site "London"]
[Date "2018.12.11"]
[Round "3"]
[White "Brozel, Sacha"]
[Black "Jain, Gautam"]
[Result "1-0"]
[WhiteElo "2182"]
[BlackElo "1926"]
[PlyCount "105"]
[EventDate "2018.12.09"]
[EventType "swiss"]
[EventRounds "9"]
[EventCountry "ENG"]
[SourceTitle "CBM 187 Extra"]
[Source "ChessBase"]
[SourceDate "2018.11.04"]
[SourceVersion "1"]
[SourceVersionDate "2018.11.04"]
[SourceQuality "1"]

1. Nf3 Nf6 2. g3 g6 3. Bg2 Bg7 4. d4 d6 5. c4 0-0 6. Nc3 c6 7. 0-0 Qa5 8. e4 e5 9. h3 Be6 10. d5 cxd5 11. cxd5 Bd7 12. a3 Rc8 13. Be3 Qd8 14. Qd3 Qe7 15. Nd2 Nh5 16. Rac1 Na6 17. b4 Nc7 18. Nc4 f5 19. Rfe1 Nb5 20. Nxb5 Bxb5 21. exf5 Qc7 22. Bf1 Bxc4 23. Rxc4 Qxc4 24. Qxc4 Rxc4 25. Bxc4 gxf5 26. Be2 Nf6 27. Rc1 Kh8 28. Rc7 f4 29. gxf4 Nxd5 30. Rxb7 Nxf4 31. Bf3 Rf8 32. Bc6 Nxh3+ 33. Kg2 Nf4+ 34. Bxf4 exf4 35. Rxa7 Be5 36. b5 Rg8+ 37. Kf3 h5 38. Rf7 Rg1 39. Rf5 Ra1 40. Rxh5+ Kg7 41. Ke4 Rxa3 42. b6 Rb3 43. b7 Kf6 44. Rh6+ Ke7 45. Bd5 Rb4+ 46. Kf5 Bd4 47. Rh7+ Kf8 48. Rf7+ Ke8 49. Ke6 Ba7 50. Bc6+ Kd8 51. Rf8+ Kc7 52. Rc8+ Kb6 53. b8Q+ 1-0

[Event "BCF-chT2a 1819 (4NCL)"]
[Site "England"]
[Date "2018.11.10"]
[Round "1.11"]
[White "Hanley, Craig"]
[Black "Brozel, Sacha"]
[Result "1-0"]
[WhiteElo "2450"]
[BlackElo "2267"]
[PlyCount "39"]
[EventDate "2018.11.10"]
[EventType "team-tourn"]
[EventRounds "11"]
[EventCountry "ENG"]
[SourceTitle "EXT 2021"]
[Source "ChessBase"]
[SourceDate "2020.10.23"]
[SourceVersion "1"]
[SourceVersionDate "2020.10.23"]
[SourceQuality "1"]
[WhiteTeam "Spirit of Atticus"]
[BlackTeam "Barnet Knights"]
[WhiteTeamCountry "ENG"]
[BlackTeamCountry "ENG"]

1. e4 e6 2. d4 d5 3. Nc3 Bb4 4. e5 c5 5. Bd2 Ne7 6. f4 Nf5 7. Nf3 Nc6 8. dxc5 Bxc5 9. Bd3 0-0 10. Qe2 Nb4 11. 0-0-0 Nxd3+ 12. Qxd3 Bd7 13. g4 Nh4 14. Ng5 Ng6 15. h4 f5 16. exf6 Rxf6 17. Nxh7 Kxh7 18. h5 Kg8 19. hxg6 Be8 20. f5 1-0

[Event "Southend Easter op 62nd"]
[Site "Southend"]
[Date "2018.04.01"]
[Round "6"]
[White "Brozel, Sacha"]
[Black "Cumming, Rhys"]
[Result "1/2-1/2"]
[WhiteElo "2177"]
[BlackElo "2155"]
[PlyCount "59"]
[EventDate "2018.03.30"]
[EventType "swiss"]
[EventRounds "7"]
[EventCountry "ENG"]
[SourceTitle "CBM 183 Extra"]
[Source "ChessBase"]
[SourceDate "2018.04.19"]
[SourceVersion "1"]
[SourceVersionDate "2018.04.19"]
[SourceQuality "1"]

1. c4 c5 2. g3 g6 3. Bg2 Bg7 4. Nc3 Nc6 5. Nf3 e6 6. d3 d5 7. 0-0 Nge7 8. Bg5 0-0 9. a3 h6 10. Bd2 b6 11. Qc1 Kh7 12. Rb1 a5 13. Na4 Bd7 14. Qc2 Qc7 15. Rfc1 Qa7 16. Nc3 Nd4 17. Nxd4 cxd4 18. Nb5 Bxb5 19. cxb5 Rfc8 20. Qd1 Nf5 21. Rc6 Rxc6 22. bxc6 b5 23. Rc1 Rc8 24. Qc2 Bf8 25. Bh3 Nd6 26. Bf4 b4 27. a4 Qb6 28. Bxd6 Bxd6 29. b3 Rc7 30. Bg2 1/2-1/2

[Event "Southend Easter op 62nd"]
[Site "Southend"]
[Date "2018.03.31"]
[Round "4"]
[White "Brozel, Sacha"]
[Black "Pert, Richard G"]
[Result "1/2-1/2"]
[WhiteElo "2177"]
[BlackElo "2416"]
[PlyCount "32"]
[EventDate "2018.03.30"]
[EventType "swiss"]
[EventRounds "7"]
[EventCountry "ENG"]
[SourceTitle "CBM 183 Extra"]
[Source "ChessBase"]
[SourceDate "2018.04.19"]
[SourceVersion "1"]
[SourceVersionDate "2018.04.19"]
[SourceQuality "1"]

1. g3 f5 2. c4 Nf6 3. Nc3 e6 4. Bg2 Be7 5. Nf3 0-0 6. 0-0 d6 7. d3 e5 8. h3 Nc6 9. e4 fxe4 10. dxe4 Be6 11. Qd3 Nd7 12. Qe2 Rxf3 13. Qxf3 Bxc4 14. Re1 Nd4 15. Qd1 Nc5 16. Be3 Bf6 1/2-1/2

[Event "London Classic op"]
[Site "London"]
[Date "2017.12.09"]
[Round "9"]
[White "Arjun, Kalyan"]
[Black "Brozel, Sacha"]
[Result "1/2-1/2"]
[WhiteElo "2419"]
[BlackElo "2168"]
[PlyCount "65"]
[EventDate "2017.12.02"]
[EventType "swiss"]
[EventRounds "9"]
[EventCountry "ENG"]
[SourceTitle "CBM 182 Extra"]
[Source "ChessBase"]
[SourceDate "2018.02.23"]
[SourceVersion "1"]
[SourceVersionDate "2018.02.23"]
[SourceQuality "1"]

1. e4 e6 2. d4 d5 3. Nc3 Bb4 4. e5 c5 5. a3 Bxc3+ 6. bxc3 Qa5 7. Bd2 Qa4 8. Qg4 Kf8 9. Qd1 b6 10. Nf3 Ba6 11. Bxa6 Nxa6 12. 0-0 h6 13. Be3 Ne7 14. g4 Rc8 15. Ne1 h5 16. h3 hxg4 17. hxg4 Qc4 18. Qd3 cxd4 19. cxd4 Ng6 20. f3 Qxd3 21. cxd3 f6 22. exf6 gxf6 23. Rf2 Kf7 24. Rh2 Rxh2 25. Kxh2 Rc3 26. Kg3 e5 27. Kf2 Nc7 28. a4 Ne6 29. dxe5 Nxe5 30. a5 d4 31. Bd2 Rb3 32. axb6 axb6 33. Ke2 1/2-1/2

[Event "London Classic op"]
[Site "London"]
[Date "2017.12.08"]
[Round "8"]
[White "Brozel, Sacha"]
[Black "Pollack, Oscar"]
[Result "1-0"]
[WhiteElo "2168"]
[BlackElo "2014"]
[PlyCount "87"]
[EventDate "2017.12.02"]
[EventType "swiss"]
[EventRounds "9"]
[EventCountry "ENG"]
[SourceTitle "CBM 182 Extra"]
[Source "ChessBase"]
[SourceDate "2018.02.23"]
[SourceVersion "1"]
[SourceVersionDate "2018.02.23"]
[SourceQuality "1"]

1. g3 e5 2. c4 Nc6 3. Nc3 f5 4. Nf3 Nf6 5. d4 e4 6. Nh4 d5 7. Bg5 Be7 8. e3 0-0 9. Ng2 dxc4 10. Bxc4+ Kh8 11. Nf4 Ne8 12. h4 Nd6 13. Bb3 Qe8 14. Ncd5 Bd8 15. Bxd8 Qxd8 16. Qh5 Rf7 17. Ng6+ Kg8 18. Ne5 Be6 19. Nxf7 Bxf7 20. Nf4 Nc4 21. Qe2 Qe7 22. 0-0 b5 23. Rfc1 a5 24. Bxc4 Bxc4 25. Rxc4 Ne5 26. dxe5 bxc4 27. Qxc4+ Kh8 28. Rc1 Qxe5 29. Qxc7 Qe8 30. Ne2 h6 31. Nd4 Qh5 32. Qe5 Rf8 33. Ne6 Rg8 34. Nf4 Qf7 35. Qe6 Qb7 36. Qxf5 Rd8 37. Qe5 Rg8 38. h5 Rc8 39. Rxc8+ Qxc8 40. Qxe4 Qc1+ 41. Kg2 Qxb2 42. Ng6+ Kh7 43. Qa8 Qxf2+ 44. Kxf2 1-0

[Event "Wch U14"]
[Site "Montevideo"]
[Date "2017.09.25"]
[Round "10"]
[White "Brozel, Sacha"]
[Black "Teclaf, Pawel"]
[Result "0-1"]
[WhiteElo "2112"]
[BlackElo "2394"]
[PlyCount "56"]
[EventDate "2017.09.17"]
[EventType "swiss"]
[EventRounds "11"]
[EventCountry "URU"]
[SourceTitle "EXT 2018"]
[Source "ChessBase"]
[SourceDate "2017.10.13"]
[SourceVersion "1"]
[SourceVersionDate "2017.10.13"]
[SourceQuality "1"]

1. c4 b6 2. Nc3 Bb7 3. e4 Nf6 4. d3 e5 5. g3 Bb4 6. Nge2 d6 7. Bg2 Nc6 8. 0-0 Bxc3 9. Nxc3 Nd4 10. f4 h6 11. Be3 c5 12. b4 0-0 13. Rb1 Bc6 14. fxe5 dxe5 15. Nd5 Bxd5 16. exd5 Qd6 17. Rb2 Nd7 18. Rbf2 f5 19. Bh3 g6 20. Qd2 Rf7 21. Bxh6 Rh7 22. Bg2 Nf6 23. h3 Nh5 24. Kh2 f4 25. Bxf4 exf4 26. gxf4 Rf8 27. Be4 Rhf7 28. Kh1 Ng3+ 0-1